| 000 | 00893nam a2200325 a 4500 | ||
|---|---|---|---|
| 003 | AR-BaBNM | ||
| 005 | 20251128210523.0 | ||
| 008 | 082120s2002 ||||||||||||||000 | spa|| | ||
| 020 | _a84-86587-32-8 | ||
| 040 | _cAR-BaBNM | ||
| 100 | 1 | _aDarío, Rubén | |
| 245 | 0 | 0 | _aRubén Darío para niños |
| 250 | _a1ª ed. | ||
| 260 |
_aMadrid _bEdiciones de la Torre _c1988 |
||
| 300 |
_a124 p. _bil. |
||
| 490 | 0 |
_aAlba y mayo. Poesía _vv. 31 |
|
| 500 | _aContiene referencias bibliográficas | ||
| 650 | 4 | _aANTOLOGIAS | |
| 650 | 4 | _aCOMPOSICION LITERARIA | |
| 650 | 4 | _aLIBROS PARA NIÑOS | |
| 650 | 4 | _aLITERATURA INFANTIL | |
| 653 | _aLITERATURA NICARAGÜENSE | ||
| 653 | _aMODERNISMO | ||
| 653 | _aADAPTACIONES LITERARIAS | ||
| 655 | _aLITERATURA | ||
| 700 | 1 |
_aCalderón, José Manuel _eeditor |
|
| 700 | 1 |
_aContento, Rafael _eilustrador |
|
| 942 | _cBK | ||
| 998 | _cMARTIN | ||
| 999 |
_c15785 _d15785 |
||